Football Player By Image (full name) - Statistics

General Stats
  • This quiz has been taken 89 times
  • The average score is 4 of 5
Answer Stats
Picture Answer % Correct
Cristiano Ronaldo
97%
Lionel Messi
97%
Kylian Mbappe
90%
Neymar
86%
Karim Benzema
69%
No matching quizzes found
Score Distribution
Percent of People with Each Score
Percentile by Number Answered
Your Score History
You have not taken this quiz